000 00840 a2200229 4500
001 25555
005 20260407155539.0
008 260407a1996 arg spa d
003 AR-UNSa-BCEJYS
040 _aAR-UNSa-BCEJYS
_bspa
_cAR-UNSa-BCEJYS
080 _a342.56
_xPoder judicial (Corte Suprema de Justicia)
245 1 0 _aEl poder judicial
020 _a950-9385-07-7
250 _a4a. ed.
264 1 _aBuenos Aires :
_bEdiciones Ciudad Argentina
_c1996
300 _a277 p.
_c22 cm.
505 _a1. El Poder Judicial en la Constitución - 2. El Poder Judicial en la crisis institucional - 3. El Poder Judicial en la democracia
942 _cBK
590 _aniveau_biblio:m niveau_hierar:0
100 1 _aDromi, José Roberto
856 4 1 _uhttps://biblioeco.unsa.edu.ar/pmb/images/libros/L69911.jpg
_yImagen de portada
_qimage/jpeg
999 _c1399
_d1399